[Event "WchT 4th"]
[Site "Luzern"]
[Date "1997.10.31"]
[Round "7.2"]
[White "Onischuk, Alexander"]
[Black "Irzhanov, Ruslan"]
[Result "1-0"]
[WhiteElo "2625"]
[BlackElo "2535"]
[Annotator "Yudasin,L"]
[PlyCount "83"]
[EventDate "1997.10.25"]
[EventType "team-tourn"]
[EventRounds "9"]
[EventCountry "SUI"]
[SourceTitle "CBM 062"]
[Source "ChessBase"]
[SourceDate "1998.01.31"]
[SourceVersion "1"]
[SourceVersionDate "1998.01.31"]
[SourceQuality "1"]
[WhiteTeam "Ukraine"]
[BlackTeam "Kazakhstan"]
[WhiteTeamCountry "UKR"]
[BlackTeamCountry "KAZ"]

1. e4 g6 2. d4 Bg7 3. Nc3 d6 4. Be3 c6 5. h4 $5 (5. f3 b5 6. g4 Nf6 7. h4 h5 8.
e5 Nd5 9. Nxd5 cxd5 10. gxh5 Rxh5 11. f4 Nc6 12. Qd2 Bf5 13. Ne2 e6 14. Ng3
Rxh4 15. Rxh4 Qxh4 16. Bf2 Qd8 17. Nxf5 gxf5 18. Bxb5 Qb6 19. Bxc6+ Qxc6 20.
O-O-O O-O-O 21. Rg1 Bh6 22. Rh1 Rh8 23. Be3 Kb7 24. Rh2 Qa6 25. b3 Qxa2 26.
Qb4+ Ka8 27. exd6 Qa1+ 28. Kd2 Rg8 29. d7 {1-0 Nunn,J-Strikovic,A/Oviedo
rapid45 1992/TD 92\09}) 5... h5 (5... Nf6 6. Be2 Qa5 7. Qd2 h5 8. f3 b5 9. Nh3
Nbd7 10. Ng5 Nb6 11. b3 a6 12. O-O Nbd7 13. a4 b4 14. Nd1 Bb7 15. Nb2 d5 16. e5
Nh7 17. e6 fxe6 18. Nxe6 Bf6 19. Nd3 Bxh4 20. Bf4 {Siebrecht,S-Koeller,O/
Hessen-NRW 1994/GER 11/1-0 (30)}) 6. Nh3 (6. Qd2 Nf6 (6... b5 7. f3 b4 8. Nd1
a5 9. Nf2 Nf6 10. Be2 Qc7 11. g4 Na6 12. c3 c5 13. g5 Nd7 14. f4 bxc3 15. bxc3
cxd4 16. cxd4 e5 17. Rc1 Qb8 18. dxe5 dxe5 19. Nf3 exf4 20. Bxf4 Qb4 21. O-O
Qxd2 22. Bxd2 Nac5 23. Bc3 O-O 24. Bxg7 Kxg7 25. Bc4 Ba6 26. Rfd1 Bxc4 27. Rxc4
Rfe8 28. Rd5 Rac8 29. Rcd4 Nf8 30. e5 Nfe6 31. Rc4 Red8 32. Rxd8 Rxd8 33. Ne4
Nxe4 34. Rxe4 Rd3 35. Kf2 Ra3 36. Re2 Kf8 37. Rc2 Rxf3+ {0-1 Luco,A-Weill,R/
Toulouse op 1990/EXT 90op2}) 7. f3 b5 8. Nh3 Bxh3 9. Rxh3 Nbd7 10. Nd1 e5 11.
dxe5 Nxe5 12. Nf2 O-O 13. O-O-O d5 14. Bd4 Nc4 15. Bxc4 bxc4 16. exd5 Qxd5 17.
Ne4 Nxe4 18. fxe4 Qxe4 19. Bxg7 Kxg7 20. Qd4+ Qxd4 {Carton,P-Hynes,K/IRL-ch
1992/EXT 97/1-0 (55)}) (6. Be2 Nh6 7. Nf3 Bg4 8. Nh2 Bxe2 9. Qxe2 Qb6 10. O-O-O
Qa6 11. Qxa6 Nxa6 12. f3 Nc7 13. g4 Ng8 14. Ne2 d5 15. Rdg1 O-O-O 16. gxh5 Rxh5
17. Ng4 dxe4 18. fxe4 Ne6 19. c3 Nf6 20. Ne5 Rf8 21. Ng3 Rh7 22. Rf1 Nh5 23.
Nxh5 Bxe5 24. Nf4 Bxf4 25. Bxf4 Rfh8 26. Be3 Rxh4 27. Rxh4 Rxh4 28. d5 Nd8 29.
dxc6 Rxe4 30. Bxa7 Nxc6 31. Bc5 f5 32. Kd2 Rh4 33. Rf2 Kd7 34. b3 e5 35. a4 e4
36. b4 Ne5 37. Bd4 f4 38. Kc2 Nc4 39. Rg2 f3 40. Rxg6 e3 41. Rf6 Rxd4 {0-1
Gebauer,P-Barden,L/Varna olm 1962/MCD-ol}) 6... Nf6 7. f3 b5 8. Ng5 Qa5 (8...
a6 {/\Bb7,Nbd7,e5}) 9. a3 $5 (9. Qd2 Nbd7 10. Bd3 e5 $11) 9... Nbd7 10. Be2 a6
11. O-O $14 Qc7 (11... Bb7 {/\e5}) 12. Qd2 O-O (12... c5 $1 $132) 13. Nd1 $1
e5 14. c3 d5 15. Nf2 {/\Kg8,/\Rad1,de5,Bc5,f4} dxe4 (15... Bb7 {/\Rfe8,Rad8})
16. fxe4 c5 $2 (16... Bb7 {/\Rad8,ed4,c5}) 17. d5 c4 18. a4 $1 Bb7 (18... Nc5
$2 19. d6 Qb6 20. axb5 Qxb5 $13) 19. axb5 axb5 20. Rxa8 $1 Rxa8 (20... Bxa8 21.
g4 hxg4 22. Nxg4 Bb7 {=20...Ra8}) 21. g4 $1 hxg4 22. Nxg4 Rf8 23. Nxf6+ Nxf6
24. Qd1 Bc8 25. Bf3 (25. h5 Nh7 $16) 25... Bd7 26. Qe2 Nh7 27. Nxh7 Kxh7 28. h5
$16 Qd8 29. Bg4 $1 Bxg4 $2 (29... Qc8 30. hxg6+ fxg6 31. Qh2+ Kg8 32. Rxf8+
Kxf8 $16) 30. Qxg4 Qd6 31. Bg5 {/\Kg2,Rh1} gxh5 32. Qxh5+ Kg8 33. Kg2 f6 (
33... Qg6 34. Qxg6 fxg6 35. d6 $18) 34. Be3 Rf7 35. Qf5 b4 36. Ra1 (36. Qc8+
Bf8 37. Qxc4 Rc7 38. Qb3 Rg7+ 39. Kf2 f5 $132) 36... bxc3 37. bxc3 Qb8 38. Kf3
$18 Qb2 $2 39. Qc8+ Bf8 40. Rg1+ Kh8 41. Qh3+ Rh7 42. Qe6 1-0

[Event "WchT 4th"]
[Site "Luzern"]
[Date "1997.10.30"]
[Round "6.1"]
[White "Ivanchuk, Vassily"]
[Black "Svidler, Peter"]
[Result "1/2-1/2"]
[WhiteElo "2725"]
[BlackElo "2660"]
[Annotator "Yudasin,L"]
[PlyCount "38"]
[EventDate "1997.10.25"]
[EventType "team-tourn"]
[EventRounds "9"]
[EventCountry "SUI"]
[SourceTitle "CBM 062"]
[Source "ChessBase"]
[SourceDate "1998.01.31"]
[SourceVersion "1"]
[SourceVersionDate "1998.01.31"]
[SourceQuality "1"]
[WhiteTeam "Ukraine"]
[BlackTeam "Russia"]
[WhiteTeamCountry "UKR"]
[BlackTeamCountry "RUS"]

1. e4 g6 2. d4 Bg7 3. Be3 d6 4. Qd2 a6 (4... c5 5. c3 Nf6 6. f3 cxd4 7. cxd4
Nc6 8. Nc3 O-O $14) 5. f3 (5. a4 $5) 5... Nf6 (5... c5 6. c3 Qc7 7. Na3 Nd7 8.
h4 h5 9. Nh3 Ngf6 10. Ng5 b5 11. Nc2 Bb7 12. a4 cxd4 13. Nxd4 bxa4 14. Rxa4 O-O
15. Rc4 Qa5 16. Nb3 Qd8 17. Rb4 Qc7 18. Ra4 d5 19. Na5 dxe4 20. Nxb7 {Votava,
J-Vokac,M/CZE-ch 1995/EXT 95ch/ - (40)}) 6. Nc3 Nbd7 7. O-O-O (7. Bh6 O-O 8. g4
$14 c5 9. Bxg7 Kxg7 10. O-O-O cxd4 11. Qxd4 Qb6) 7... b5 8. Kb1 (8. g4 Nb6) (8.
Bh6 O-O (8... Bxh6 9. Qxh6 e5 $14) 9. h4 $36) 8... Bb7 9. Nh3 $6 (9. Bh6) 9...
c5 $1 $11 10. dxc5 dxc5 11. g4 (11. Bh6 Bxh6 12. Qxh6 Qc7 $22 13. Ne2 O-O-O 14.
Nc1 Ne5 $11) 11... h6 $1 12. Nf4 e6 13. h4 Qc7 14. Qh2 (14. Qg2 O-O-O 15. g5
hxg5 16. hxg5 Rxh1 17. Qxh1 Rh8 18. Qg1 Nh5 $11) (14. Qf2 O-O-O 15. Be2 $5)
14... Ne5 15. Nd3 Nfd7 16. Bf4 O-O-O $22 17. Be2 c4 18. Nxe5 Nxe5 19. a3 Qc5
$15 1/2-1/2

[Event "WchT 4th"]
[Site "Luzern"]
[Date "1997.11.01"]
[Round "8.3"]
[White "Palac, Mladen"]
[Black "Egorov, Evgeni"]
[Result "1-0"]
[WhiteElo "2575"]
[BlackElo "2440"]
[Annotator "Yudasin,L"]
[PlyCount "93"]
[EventDate "1997.10.25"]
[EventType "team-tourn"]
[EventRounds "9"]
[EventCountry "SUI"]
[SourceTitle "CBM 062"]
[Source "ChessBase"]
[SourceDate "1998.01.31"]
[SourceVersion "1"]
[SourceVersionDate "1998.01.31"]
[SourceQuality "1"]
[WhiteTeam "Croatia"]
[BlackTeam "Kazakhstan"]
[WhiteTeamCountry "CRO"]
[BlackTeamCountry "KAZ"]

1. e4 g6 2. d4 Bg7 3. Nc3 d6 4. Be3 a6 5. Qd2 Nd7 6. a4 $5 Ngf6 (6... b6 7. f3
(7. f4 Ngf6 8. Nf3 Bb7 9. e5 Ng4 10. Bc4 e6 11. O-O O-O 12. h3 Bxf3 13. Rxf3
Nxe3 14. Qxe3 d5 15. Bf1 c5 {- Hecht,H-Feustel,B/BL8182 1982/BL 80}) (7. Bc4 e6
8. h4 h6 9. Nge2 Bb7 10. Ba2 Ndf6 11. f3 Ne7 12. g4 d5 13. e5 Nd7 14. Nd1 c5
15. c3 h5 16. Bg5 Qc7 17. Nf2 Nc6 18. f4 f6 19. exf6 Nxf6 20. Qe3 Qd6 21. dxc5
bxc5 22. O-O-O Qe7 23. gxh5 gxh5 24. Nd3 c4 25. Ne5 Nxe5 26. fxe5 Ng4 27. Qb6
Qd7 28. Nf4 Bc8 29. Bb1 Bxe5 30. Nxd5 Rb8 31. Rhf1 Rg8 32. Qc5 Bd6 33. Nf6+
Nxf6 34. Rxd6 Qb7 35. Rxf6 Qxb2+ 36. Kd1 Qxb1+ 37. Ke2 Qe4+ 38. Qe3 Rb2+ 39.
Rd2 Qg2+ 40. Rf2 Qg4+ 41. Rf3 Rxd2+ 42. Kxd2 Rg7 43. Qf2 Kd7 44. Rf4 Rxg5 45.
hxg5 Qxg5 46. Kc2 Bb7 47. Qd2+ {1-0 Suhl,D-Hillarp Persson,T/Berliner Sommer
1997/EXP 59}) 7... c5 (7... e5 8. Nh3 exd4 9. Bxd4 Ngf6 10. Be2 O-O 11. O-O Bb7
12. Rad1 Qe7 13. Nf4 Nc5 14. Rfe1 Ne6 15. Be3 Nxf4 16. Bxf4 Nd7 17. Bf1 Nc5 18.
b3 Rfe8 19. Bc4 Ne6 20. Nd5 Qd8 21. Be3 Rb8 22. Nb4 {Lee,P-Camara,H/Lugano olm
1968/MCD-ol/1-0 (80)}) 8. d5 Ne5 9. h3 f5 10. f4 Nf7 11. exf5 Bxf5 12. g4 Bd7
13. Nf3 Nf6 14. Ng5 Qc8 15. Bc4 O-O 16. Ne6 b5 17. Nxf8 Kxf8 18. axb5 axb5 19.
Rxa8 Qxa8 20. Bxb5 Bxb5 21. Nxb5 {Sion Castro,M-Hillarp Persson,T/Mondariz op
1994/EXT 97/0-1 (56)}) (6... h6 7. Bc4 e6 8. Nge2 Ne7 9. O-O b6 10. Rad1 c6 11.
b4 Qc7 12. Bb3 Bb7 13. b5 cxb5 14. axb5 a5 15. f3 Rd8 16. Na4 g5 17. Ng3 d5 18.
Nh5 Rg8 19. exd5 Bxd5 20. c4 Ba8 21. d5 {Seegers,H-Feustel,B/BL8384 1984/BL 80/
1-0 (50)}) (6... b6 7. Nf3 c5 8. d5 Ngf6 9. Bh6 O-O 10. Bxg7 Kxg7 11. h3 Ne5
$14) 7. Nf3 (7. f3 O-O 8. Bc4 e6 {/\d5,Nb6} 9. Bb3 c6 $14) 7... O-O 8. Bc4 e5 (
8... e6 9. Bb3 a5 {/\c6,d5./\b6}) 9. dxe5 $1 Nxe5 (9... dxe5 10. a5 Qe7 11. O-O
Nc5 12. Bg5 c6 13. Qe3 Re8 $14) 10. Nxe5 dxe5 11. Qxd8 $1 Rxd8 12. a5 Bd7 $6 (
12... Re8 $1 {/\Be6+/=}) 13. Ke2 Bc6 $6 (13... Ne8 14. Rhd1 (14. Nd5 Bb5 $14)
14... Nd6 15. Bd5 Rab8 16. Bg5 Re8 17. Bb3 h6 18. Be3 Bc6 19. f3 Nb5 $14) 14.
f3 h6 $6 (14... Ne8 $14) 15. b4 $1 $16 Bf8 (15... Ne8 16. Bd5 Bxd5 17. Nxd5 {
/\c4+/-}) 16. Rhb1 Kg7 17. b5 axb5 18. Nxb5 Ne8 19. Bd3 {/\Na7} Bd7 20. Nc3
Bc8 $6 (20... Bc6 21. Bb5 Bxb5+ (21... Nd6 22. Bxc6 bxc6 23. a6 $16) 22. Rxb5 {
b7,e5}) (20... Rdb8 $16) 21. Nd5 f5 $6 (21... Bd6 22. c4 c6 23. Nb6 Rb8 24.
Nxc8 Rdxc8 25. Ba7 $18) 22. h3 f4 23. Bf2 Bd6 24. c4 g5 25. c5 Bf8 26. g4 $1 {
/\Bc4,Rd1,/\h4,Rh1} c6 27. Nb6 Ra7 28. Bc4 Nc7 29. Nxc8 Rxc8 30. Rd1 $18 Kf6
31. Rd7 Be7 32. h4 Ne6 33. hxg5+ hxg5 34. a6 $1 Rd8 35. Rxb7 Rxb7 36. axb7 Rb8
37. Rh1 Nd4+ 38. Bxd4 exd4 39. Rh6+ Kg7 40. Rxc6 Rxb7 41. Bd5 Rb8 (41... Rb2+
42. Kd3 Rf2 43. e5) 42. Rc7 Kf6 43. Kd3 Rb1 44. Ba2 Ra1 45. e5+ Kg6 46. Be6
Ra3+ 47. Kxd4 1-0

[Event "RUS-Cup7"]
[Site "Kstovo"]
[Date "1997.05.06"]
[Round "6"]
[White "Lobzhanidze, Davit"]
[Black "Sichinava, Roman"]
[Result "1/2-1/2"]
[WhiteElo "2375"]
[BlackElo "2465"]
[Annotator "Yudasin,L"]
[PlyCount "104"]
[EventDate "1997.05.01"]
[EventType "swiss"]
[EventRounds "9"]
[EventCountry "RUS"]
[SourceTitle "CBM 059"]
[Source "ChessBase"]
[SourceDate "1997.08.01"]
[SourceVersion "1"]
[SourceVersionDate "1997.08.01"]
[SourceQuality "1"]

1. d4 d6 2. e4 g6 3. Nc3 Bg7 4. f4 c6 5. Nf3 Bg4 6. Be3 d5 7. e5 (7. Be2 dxe4
8. Nxe4 Nf6 9. Nxf6+ Bxf6 10. Ne5 Be6 11. O-O Nd7 12. c4 $16 {
Panoshevic-Petrosjan,Lone Pine,1978}) 7... Qb6 $146 (7... e6 8. h3 Bxf3 9. Qxf3
h5 10. g3 f5 $5 11. Be2 Nd7 12. Qg2 Qe7 $11 {Matanovic-Korchnoi,Erevan,1965})
8. Rb1 Nh6 {[%cal Gh6f5,Gh7h5,Yh5h4]} 9. Be2 Nf5 10. Bf2 h5 11. b4 e6 12. O-O (
12. g3 $5 {[%cal Gh2h3,Yg3g4]}) 12... Nd7 13. Qd3 Qc7 14. a4 a5 15. b5 Bf8 16.
bxc6 bxc6 17. Rb3 Be7 18. Rfb1 O-O 19. h3 (19. Rb7 $6 Qc8 {[%cal Ge7b4]}) 19...
Bxf3 20. Qxf3 h4 21. Bd3 Rfb8 22. Qe2 Rb4 (22... Nf8 $5 23. Qe1 Rb4 24. Bxf5
exf5 25. Bxh4 Rxd4 $1 26. Bxe7 (26. Rb7 Bxh4 $17) 26... Qxe7 27. Rb7 Qc5 $17)
23. Bxf5 exf5 24. e6 Nf8 25. exf7+ Kxf7 26. Na2 Rxb3 27. Rxb3 Ne6 28. Nc1 Nxf4
29. Qf3 Rb8 (29... Bf6 $6 30. Qc3 $11 {[%cal Gc3b2]}) 30. Rxb8 Qxb8 31. Nb3 Ne6
32. Qc3 Qb7 33. Qe1 $11 (33. Qxa5 $4 Bb4 $19) (33. Nxa5 Qb1+ 34. Be1 Nxd4 $19)
33... Bb4 (33... Qb4 34. Qxb4 Bxb4 35. Bxh4 Bc3 36. Bf2 $11) 34. Qe3 $1 $11 {
[%csl Ra5,Rh4]} Qe7 35. c3 Bd6 36. Nxa5 Qc7 37. Nb3 Qb6 38. Nd2 Qa5 39. Bxh4
Qxa4 40. Nf3 Qd1+ 41. Qe1 Qxe1+ 42. Bxe1 g5 43. Kf2 Kf6 44. Bd2 g4 45. hxg4
fxg4 46. Ne1 Kf5 47. Nd3 Ke4 48. Ke2 g3 49. Bh6 Nc7 50. Bd2 Ne8 51. Be1 Ng7 52.
Bd2 Ne6 1/2-1/2

[Event "RUS-Cup02"]
[Site "Moscow"]
[Date "1998.??.??"]
[Round "6"]
[White "Yandemirov, Valeri"]
[Black "Chepukaitis, Genrikh"]
[Result "1/2-1/2"]
[WhiteElo "2545"]
[BlackElo "2420"]
[Annotator "Yudasin,L"]
[PlyCount "95"]
[EventDate "1998.01.21"]
[EventType "swiss"]
[EventRounds "9"]
[EventCountry "RUS"]
[SourceTitle "CBM 063"]
[Source "ChessBase"]
[SourceDate "1998.03.26"]
[SourceVersion "1"]
[SourceVersionDate "1998.03.26"]
[SourceQuality "1"]

1. e4 g6 2. d4 Bg7 3. c3 d6 4. Bc4 Nf6 5. Qe2 O-O 6. Nf3 c6 (6... Bg4 7. e5 (7.
h3 Bxf3 8. Qxf3 e5 (8... Nc6 9. O-O e5 10. d5 Ne7 $14) 9. dxe5 dxe5 10. O-O $14
) 7... dxe5 8. dxe5 Nd5 $13) 7. Nbd2 Nbd7 (7... d5 8. exd5 (8. Bd3 dxe4 9. Nxe4
$14) 8... cxd5 9. Bd3 Nc6 $10) 8. O-O (8. Bb3 e5 9. dxe5 Nxe5 10. Nxe5 dxe5 11.
O-O Qe7 12. Nc4 Nh5 $10) 8... d5 9. Bb3 (9. exd5 cxd5 10. Bd3 $14) 9... Nb6 (
9... dxe4 10. Nxe4 Nxe4 11. Qxe4 Nf6 12. Qh4 $36) 10. Re1 Bg4 11. exd5 Nbxd5
12. Nc4 (12. h3 Bxf3 13. Nxf3 e6 $10) (12. c4 Nf4 13. Qxe7 Ne6 (13... Nd3 $2
14. Qxd8 Rfxd8 15. Re7) 14. Qxd8 (14. Qxb7 Nxd4 15. Nxd4 Qxd4 16. h3 Rae8 17.
Rxe8 Rxe8 18. hxg4 $2 Nxg4 $40) 14... Rfxd8 15. h3 Bxf3 16. Nxf3 Nxd4 17. Nxd4
Rxd4 18. Be3 Rdd8 19. Rad1 Nd7 $14) 12... a5 13. a4 Bf5 (13... e6 14. h3 Bxf3
15. Qxf3 Nd7 $10) 14. Ne3 Nf4 (14... Nxe3 15. fxe3 Ne4 16. Nh4 Bd7 17. Qd3 Nf6
18. e4) 15. Qd1 Be6 16. Bc2 (16. g3 Bxb3 17. Qxb3 Nd3 18. Rd1 Nxc1 $10) (16.
Ne5 Bxb3 17. Qxb3 Qc7 18. Nf5 $2 (18. N3c4 N4d5 $10) 18... Nh3+) 16... N4d5 17.
Ng5 Nxe3 18. Bxe3 (18. Nxe6 Nxd1 19. Nxd8 Rfxd8 20. Rxd1 Nd5 $10) 18... Bg4 (
18... Bc4 $10) 19. Qc1 Qd7 20. h3 Bf5 21. Bb3 Nd5 22. Nf3 (22. g4 Bd3) 22...
Be6 23. Bh6 (23. Ne5 Bxe5 24. dxe5 Nxe3 25. Bxe6 Qxe6 26. Qxe3 Rfd8 $10) 23...
f6 (23... Nc7 24. Ne5 Qd8 25. Bc2 f6 $10) 24. Bxg7 Kxg7 25. Qd2 Rfe8 (25... Bf7
26. Re2 Nc7 27. Rae1 Rae8 28. Bxf7 Rxf7 29. c4 b6 $14) 26. Nh2 (26. Re2 Nf4 27.
Bxe6 Nxe6 28. Rae1 Nf8 $14) 26... h5 $1 (26... Bf7 27. Ng4 Qd6 28. Qh6+ Kh8 29.
c4 (29. g3 $14) 29... Qb4) 27. Nf1 (27. Nf3 Rad8 28. Bc2 Bf7 29. Nh4 Qc7 $132 {
/\c5}) 27... b6 28. Ne3 $10 Rad8 29. Nxd5 Bxd5 30. Bc2 Bf7 31. Qe3 Qc7 (31...
e5 32. dxe5 Rxe5 33. Qxb6) 32. Rad1 Rd7 (32... e5 33. Qg3 Qb8 34. dxe5 Rxe5 35.
Rxe5 Rxd1+ 36. Bxd1 Qxe5 37. Qxe5 fxe5 38. h4 Kf6 $10) 33. Qc1 $5 Red8 $1 34.
Rd3 $2 (34. Re3 c5 35. dxc5 Qxc5 $15) 34... c5 35. Rde3 cxd4 36. cxd4 Qd6 (
36... Rc8 37. Rc3 Qd8 38. Qe3 $15) 37. Qb1 h4 38. Re4 g5 39. R4e3 Qb4 40. Bf5
Rxd4 $2 (40... Rc7 $17) 41. Rxe7 Qxe7 42. Rxe7 Rd1+ 43. Qxd1 Rxd1+ 44. Kh2 Kf8
45. Rb7 $10 Rd6 46. Rb8+ Ke7 47. Rb7+ Kf8 48. Rb8+ {Yudasin} 1/2-1/2

[Event "London Agency"]
[Site "London"]
[Date "1998.06.15"]
[Round "1"]
[White "Waitzkin, Joshua"]
[Black "Burnett, Ronald"]
[Result "0-1"]
[WhiteElo "2465"]
[BlackElo "2400"]
[Annotator "Yudasin,L"]
[PlyCount "82"]
[EventDate "1998.06.15"]
[EventType "tourn"]
[EventRounds "9"]
[EventCountry "ENG"]
[EventCategory "9"]
[SourceTitle "CBM 066"]
[Source "ChessBase"]
[SourceDate "1998.09.30"]
[SourceVersion "1"]
[SourceVersionDate "1998.09.30"]
[SourceQuality "1"]

1. e4 g6 2. d4 Bg7 3. Nc3 d6 4. Be3 a6 5. Bd3 $5 b5 6. Nf3 Bb7 7. e5 Nd7 8. e6
fxe6 9. Ng5 Nf8 10. O-O Qd7 11. Re1 Nh6 $1 (11... h6 12. Nf3 Nf6 13. Bd2 {
/\a4,Ne4,c3,©}) 12. a4 (12. Be4 Bxe4 13. Ncxe4 Nf5 14. a4 $146) 12... b4 13.
Nce4 Nf5 14. Qf3 (14. c3 e5 15. dxe5 Bxe5 16. Bd2 $13) 14... Rb8 (14... Bd5 15.
c4 Bc6 (15... bxc3 16. bxc3 $146 {/\c4,/\Nh3-f4}) 16. d5 exd5 17. cxd5 Bb7 (
17... Bxd5 18. Nf6+ Bxf6 19. Qxd5 c6 20. Qf7+ Kd8 21. Bb6+ Kc8 22. Ne4 $146)
18. Ne6 Nxe6 19. dxe6 Qxe6 20. Ng5 Bxf3 21. Nxe6 Nxe3 22. Rxe3 $16) 15. c3 h6
16. Nh3 Nh7 17. Qg4 (17. Nf4 Ng5 (17... Kf7 18. Bd2 $146) 18. Qg4 Bxe4 19. Bxe4
Nxe4 $2 (19... Kf7 20. Bd3 $40) 20. Qxg6+ Kd8 21. Nxe6+ Kc8 22. Qxf5) 17... Kf7
18. Nf4 g5 19. Nh5 (19. Qh5+ Kg8 20. Ng6 Bxe4 21. Bxe4 Nf6 22. Qf3 Nxe4 23.
Qxe4 Rh7 24. Bd2 Kf7 $17) 19... Nf6 20. Nexf6 exf6 21. Bd2 $146 bxc3 (21... Nh4
22. Nxg7 Kxg7 23. Qxe6 Qxe6 24. Rxe6 Bxg2 25. Re7+ Kf8 26. Rxc7 $16) 22. bxc3
Bc6 23. Re2 (23. c4 d5 24. Rxe6 Qxe6 25. Bxf5 Qe7 26. Re1 Qd8 27. Be6+ Kf8 28.
Qf5 Be8 29. Nxg7 Kxg7 $13) 23... Nh4 (23... Rb2 24. Nxg7 (24. c4 d5 25. c5 Bxa4
26. Rxe6 (26. Rae1 Re8 $17) 26... Qxe6 27. Bxf5 Qc6 $17) (24. f4 $1 $146) 24...
Nxg7 $17 (24... Kxg7 25. Bxg5 h5 $19)) 24. f4 $2 (24. Nxg7 Kxg7 25. f4 f5 26.
Qg3 $13) 24... f5 25. Qg3 Bf8 $1 26. fxg5 hxg5 27. Qxg5 (27. Bxg5 Rxh5 28. Bxh4
Bh6 $40 {/\Rg8}) 27... Qe7 28. Ng3 $8 Qxg5 29. Bxg5 Nxg2 $1 30. Bc4 (30. Rxg2
Bxg2 31. Kxg2 Rb2+ 32. Be2 Rg8 33. h4 Be7 $19 {/\Be7-Re2}) 30... d5 31. Bxa6
Nh4 $17 32. Bxh4 (32. Rf1 Bxa4) (32. Kf2 Bd6) 32... Rxh4 33. Bd3 f4 34. Nf1 (
34. Rf1 Bxa4 35. Ref2 Bd6 36. Ne2 Rb2) 34... Bd6 35. a5 (35. Rg2 e5 36. dxe5
Bxe5 {/\Bc3,d4,f3} (36... Bc5+ 37. Kh1 d4 $19)) (35. Nd2 Rh3) 35... e5 $1 36.
dxe5 Bc5+ 37. Kh1 d4+ 38. Be4 f3 (38... d3 39. Ree1 Rg8 40. Nd2) 39. e6+ Ke7
40. Bxc6 (40. Ree1 f2 41. Re2 d3) 40... fxe2 41. Ng3 d3 {Yudasin} 0-1

[Event "YUG-ch53"]
[Site "Belgrade "]
[Date "1998.03.25"]
[Round "11"]
[White "Petronic, Jovan"]
[Black "Kontic, Djordjije"]
[Result "1-0"]
[WhiteElo "2450"]
[BlackElo "2330"]
[Annotator "Yudasin,L"]
[PlyCount "93"]
[EventDate "1998.03.14"]
[EventType "tourn"]
[EventRounds "15"]
[EventCountry "YUG"]
[EventCategory "10"]
[SourceTitle "CBM 064"]
[Source "ChessBase"]
[SourceDate "1998.06.02"]
[SourceVersion "1"]
[SourceVersionDate "1998.06.02"]
[SourceQuality "1"]

1. e4 g6 2. d4 d5 3. Nd2 $5 $146 (3. exd5 Qxd5 4. Nc3 $5 (4. c4 Qd8 5. Nf3 Bg7
6. Be2 c5 $5 $11 7. d5 Nf6 8. O-O O-O 9. Nc3 Na6 $6 10. h3 Bf5 11. Bf4 Ne4 12.
Nxe4 Bxe4 13. Qd2 Qb6 14. Ne5 Qb4 15. Qe3 $14 {1-0 Fernandez Aguado,
J-Fernandez Madrid,C/Club Tres Peons 1996 (42)}) 4... Qd8 5. Nf3 (5. Bc4 $5 Bg7
6. Bf4 Nh6 $6 7. Qd2 Nf5 8. O-O-O O-O 9. Nge2 c6 10. h4 Nd7 11. h5 $40 {
1-0 Wells,P-Martin,A/Oakham 1993 (29)}) 5... Bg7 6. Bc4 Nh6 (6... Nf6 7. O-O
O-O 8. Ne5 c6 9. Re1 a5 10. a4 Na6 11. Bg5 Nc7 12. Qd2 Be6 13. Rad1 Bxc4 14.
Nxc4 Ncd5 15. Bh6 Nxc3 16. bxc3 $14 {Golubev,M-Dmitriev,I/Minsk op 1993/1-0 
(53)}) 7. Bf4 (7. O-O Nf5 8. Re1 c6 9. Ne4 O-O 10. c3 Nd6 11. Nxd6 Qxd6 12. Bg5
Bf6 13. Bh6 Bg7 14. Qd2 Bg4 15. Ne5 Be6 16. Bxe6 Qxe6 17. Re2 $14 {Kurz,
A-Wimmer,H/Bayern-ch 1988/1/2-1/2 (47)}) 7... O-O 8. Qd2 Nf5 9. O-O-O Nc6 10.
Ne4 Nfxd4 11. Nxd4 Qxd4 12. Qxd4 Nxd4 13. c3 Ne6 14. Be3 c6 15. Rhe1 b6 16. Ng5
Nxg5 17. Bxg5 e6 18. Rd6 c5 19. Bb5 Bb7 20. g3 h6 21. Be7 Rfc8 22. Rd7 Bd5 23.
Ba6 Re8 24. Bb7 Bxb7 25. Rxb7 Reb8 26. Rd7 a6 27. Red1 Rc8 $11 {Danner,G-Rakic,
T/Ljubljana 1981/1/2-1/2 (38)}) 3... c5 $6 (3... dxe4 $5 4. Nxe4 Bg7 5. c3 Nd7
(5... Nf6 6. Nxf6+ Bxf6 7. Bh6 $14 {[%cal Gh6f8]}) 6. Bc4 Nb6 7. Bd3 Bf5 $11) (
3... Bg7 $5) 4. dxc5 $1 (4. Ngf3 cxd4 $11) 4... dxe4 $6 (4... Nc6 $5 5. Bb5
dxe4 6. Nxe4 Qxd1+ 7. Kxd1 Bg4+ 8. f3 O-O-O+ 9. Bd2 Bd7 $44) 5. Qe2 $6 (5. Nxe4
$5 Qxd1+ 6. Kxd1 Nc6 7. Bd3 $14) 5... Nf6 $2 (5... f5 $8 6. f3 $1 exf3 7. Ngxf3
Bg7 8. Nc4 $13) 6. Nxe4 Nxe4 7. Qxe4 $14 Nc6 (7... Qa5+ $2 8. b4 Qa4 9. Bb2 $16
) 8. Nf3 Bg7 9. c3 $5 {[%cal Rg7c3]} O-O 10. Bc4 (10. Bb5 $5) 10... Qa5 11. O-O
(11. Be3 $5 Bf5 12. Qh4 Rad8 (12... Bxc3+ $2 13. bxc3 Qxc3+ 14. Ke2 b5 15. cxb6
$18) 13. O-O Bd3 14. Bxd3 Rxd3 $14) 11... Qxc5 12. Qh4 {[%csl Rh7][%cal Gf3g5]}
Qf5 (12... b5 13. Ng5 h5 (13... h6 $6 14. Bxf7+ Rxf7 15. Nxf7 Kxf7 16. Bxh6 $14
) 14. Bb3 $14) 13. h3 $5 {[%csl Yg4]} Bf6 (13... b5 $5) 14. Ng5 h5 $8 15. Be3
$6 (15. Rd1 $5 $14) 15... Ne5 $2 (15... Na5 $1 {[%csl Rc4]} 16. g4 $8 $13 (16.
Be2 $2 Qc2 $1 $36)) 16. Bb3 {><c2} b5 $6 (16... Bd7 $5 17. Rad1 Rad8 $14) 17.
Qe4 $5 {[%cal Re4a8]} (17. Bd5 $1 Rb8 (17... Ng4 $2 18. Bxa8 (18. Be4 $2 Qxe4
19. Nxe4 Bxh4 20. hxg4 Bxg4 $17) 18... Nxe3 19. fxe3 Qxg5 20. Qxg5 Bxg5 21. e4
Bxh3 22. Bc6 $16) 18. Be4 Qd7 19. Rad1 Qc7 20. Rfe1 $36) 17... Bxg5 $2 (17...
Bd7 18. Rad1 (18. f4 $2 Bxg5 19. Qxf5 Bxf5 20. fxg5 Nd3 $13) 18... Rad8 $1 $13)
18. Qxf5 Bxf5 19. Bxg5 $14 Rfe8 20. a4 $1 {[%csl Ra7,Re7]} bxa4 (20... b4 21.
cxb4 Rab8 22. b5 Nd3 23. Bc2 Nxb2 24. Bxf5 gxf5 25. Ra2 Nc4 26. Rc1 $16) 21.
Bxa4 Bd7 (21... Reb8 $4 22. Bf4 f6 23. Bxe5 fxe5 24. Bc6 $18) 22. Rfe1 $1 $16
Bxa4 (22... f6 23. Rxe5 Bxa4 24. Ra5 {-22...Ba4}) 23. Rxe5 f6 24. Ra5 {[%csl
Ra4,Ra7]} Bc6 25. Be3 Reb8 26. b4 {><a7} Rb7 27. Bxa7 h4 $6 {[%csl Rg2,Rh3]} (
27... Kf7 28. Bc5 Rc8 29. c4 e5 30. Ra8 $16) 28. Bc5 Rxa5 29. Rxa5 Kf7 30. c4
$18 Rd7 31. b5 Be4 32. Be3 {/\c5-c6} Rd1+ 33. Kh2 Rb1 34. c5 e5 35. c6 Ke6 36.
c7 Kd7 37. b6 Kc8 38. Ra2 {[%cal Ra2d2,Rd2d8]} g5 39. Rd2 Bf5 40. Rd8+ Kb7 41.
Rb8+ Ka6 42. c8=Q+ Bxc8 43. Rxc8 f5 44. Ra8+ Kb7 45. Ra7+ Kc6 46. Rc7+ Kd6 47.
Bc5+ 1-0